000 00505nam a2200181Ia 4500
008 240925s9999 xx 000 0 und d
020 _a9788126513369
082 _a620.00151535 COO
100 _aCook ,Robert D.
245 0 _aConcepts and applications of finite element analysis
250 _a4th
260 _aNew Delhi:
_bJohn Wiley & Sons
_c,2014.
300 _aVarious pages
_b0
_fOriginal
500 _aIncludes Index
600 _aEngineering Technology
650 _aTechnology
942 _cBK
999 _c13591
_d13591